000 00391nam a2200157Ia 4500
008 230711s9999||||xx |||||||||||||| ||und||
041 _aENG
082 _a624
_bSO-R
100 _aSolomon,S.K
245 0 _aReinforced concrete design
250 _a1st
260 _c1992
_aNew Delhi
_bCBS Publishers & Distributors Pvt.Ltd
650 _aCivil Engineering
700 _aSinha,S.N
942 _cBK
999 _c438
_d438